Accounting for Non-Accounting Students / Fifth Edition (Record no. 546)
[ view plain ]
| 000 -LEADER | |
|---|---|
| fixed length control field | 01441cam a22002054a 4500 |
| 005 - ΗΜΕΡΟΜΗΝΙΑ ΚΑΙ ΩΡΑ ΤΕΛΕΥΤΑΙΑΣ ΕΝΗΜΕΡΩΣΗΣ | |
| Πεδίο ελέγχου | 20250605163938.0 |
| 008 - FIXED-LENGTH DATA ELEMENTS--GENERAL INFORMATION | |
| Πεδίο ελέγχου σταθερού μήκους | 250528s ||||||||||||||||||||||||d |
| 035 ## - SYSTEM CONTROL NUMBER | |
| System control number | 14936 |
| 020 ## - ISBN | |
| ISBN | 273646834 |
| 040 ## - ΠΗΓΗ ΚΑΤΑΛΟΓΟΓΡΑΦΗΣΗΣ | |
| Φορέας πρωτότυπης καταλογογράφησης | MC Athens Campus Library |
| Γλώσσα καταλογογράφησης | Ελληνικά, Μοντέρνα (1453-) |
| Modifying agency | MC Athens Campus Library |
| Κανόνες περιγραφικής καταλογογράφησης | AACR2 |
| 245 1# - ΤΙΤΛΟΣ ΚΑΙ ΔΗΛΩΣΗ ΥΠΕΥΘΥΝΟΤΗΤΑΣ | |
| Τίτλος | Accounting for Non-Accounting Students / Fifth Edition |
| 250 ## - EDITION STATEMENT | |
| Edition statement | 5th |
| 260 ## - PUBLICATION, DISTRIBUTION, ETC. | |
| Name of publisher, distributor, etc. | Financial Times - Prentice Hall, |
| Date of publication, distribution, etc. | 2001 |
| 300 ## - PHYSICAL DESCRIPTION | |
| Extent | 484 |
| 520 ## - SUMMARY, ETC. | |
| Summary, etc. | This book presents the basic principles of both financial and management accounting in an accessible, non-technical way, making it the ideal text for students from a broad range of disciplines taking a first course in accounting. Preface, Acknowledgements, Introduction to Accounting, The Accounting World, Financial Accounting and Reporting, Accounting Rules, Recording Data, Trading Entity Accounts, Accounting for Adjustments, Company Accounts, Other Accounts, Cash Flow Statements, Interpretation of Accounts, Disclosure of Information, The Annual Report, Contemporary Issues in Financial Reporting, Management Accounting, The Framework of Management Accounting, Cost Accounting, Planning and Control: Budgeting, Planning and Control: Standard Costing, Decision Making: Contribution Analysis, Decision Making: Specific Decisions, Decision Making: Capital Investment, Contemporary Issues in Management Accounting, Appendices, Index. |
| 700 1# - ΠΡΟΣΘΕΤΗ ΑΝΑΓΡΑΦΗ--ΦΥΣΙΚΟ ΠΡΟΣΩΠΟ | |
| Personal name | Dyson J.R |
| 9 (RLIN) | 747 |
| 942 ## - ADDED ENTRY ELEMENTS (KOHA) | |
| Koha item type | Books |
| Τύπος τεκμηρίου | Βιβλιοθήκη | Τρέχουσα τοποθεσία | Barcode | Αριθμός εισαγωγής | Ημερομηνία απόκτησης | Ταξιθετικό σύμβολο | Αριθμός αντιτύπου | Κατάσταση απόσυρσης | Κατάσταση χαμένου | Κατάσταση κατεστραμμένου | Μη δανεισμός | Σύνολο δανεισμών | Ημερομηνία τελευταίας εμφάνισης | Η τιμή ισχύει από |
|---|---|---|---|---|---|---|---|---|---|---|---|---|---|---|
| Books | MC Athens Campus Library | MC Athens Campus Library | 9780000005458 | 1160 | 05/06/2025 | 657 DYS | 1 | 05/06/2025 | 05/06/2025 |